Female genital mutilation and age at marriage: risk factors of physical abuse for women in Sierra Leone

Purpose: Sierra Leone, a post-conflict sub-Saharan African country, has very high rates of intimate partner violence (IPV). Female genital mutilation (FGM) and early marriage are also common. Both practices can lead to negative health outcomes, and may increase vulnerability to IPV. The current stud...

Full description

Saved in:  
Bibliographic Details
Authors: van Baak, Carlijn (Author) ; Hayes, Brittany E. (Author)
Format: Electronic Article
Language:English
Published: 2025
In: Journal of family violence
Year: 2025, Volume: 40, Issue: 1, Pages: 109-123
Online Access: Volltext (lizenzpflichtig)
Volltext (lizenzpflichtig)
Check availability: HBZ Gateway
Keywords:

MARC

LEADER 00000caa a22000002c 4500
001 1941074502
003 DE-627
005 20251120193729.0
007 cr uuu---uuuuu
008 251113s2025 xx |||||o 00| ||eng c
024 7 |a 10.1007/s10896-023-00593-9  |2 doi 
035 |a (DE-627)1941074502 
035 |a (DE-599)KXP1941074502 
040 |a DE-627  |b ger  |c DE-627  |e rda 
041 |a eng 
084 |a 2,1  |2 ssgn 
100 1 |a van Baak, Carlijn  |e VerfasserIn  |0 (orcid)0000-0002-3823-078X  |4 aut 
245 1 0 |a Female genital mutilation and age at marriage  |b risk factors of physical abuse for women in Sierra Leone  |c Carlijn van Baak, Brittany E. Hayes 
264 1 |c 2025 
336 |a Text  |b txt  |2 rdacontent 
337 |a Computermedien  |b c  |2 rdamedia 
338 |a Online-Ressource  |b cr  |2 rdacarrier 
500 |a Literaturverzeichnis: Seite 121-123 
520 |a Purpose: Sierra Leone, a post-conflict sub-Saharan African country, has very high rates of intimate partner violence (IPV). Female genital mutilation (FGM) and early marriage are also common. Both practices can lead to negative health outcomes, and may increase vulnerability to IPV. The current study aims to contextualize IPV risk factors in Sierra Leone, a low-income country in which empirical IPV research remains limited, by considering the intersection between age at FGM and age at marriage. Method: Analyzing data from the 2019 Sierra Leone Demographic and Health Surveys (N = 3,324), we use logistic regression models to examine the association of age at FGM and age at marriage, controlling for IPV risk factors, with the odds of women experiencing physical IPV. We consider the interaction between age at FGM and age at marriage, and incorporate age-specific models in light of the civil war. Results: FGM and age at marriage were not significantly associated with IPV, but those who were circumcised between 10 - 14 years of age - when the practice traditionally occurs - were associated with higher odds of IPV. Among women aged 29 and younger, women circumcised under the age of 10 and also married between the ages of 10-14 were most at risk. Conclusions: The results offer insight into the sociocultural practices and its association with IPV among Sierra Leonean women, especially in light of civil war timing. Our findings highlight the importance of considering the age at which these practices occur, as this may further exacerbate women’s vulnerability to IPV victimization. 
650 4 |a Age at marriage 
650 4 |a Female genital mutilation 
650 4 |a Intimate Partner Violence 
650 4 |a Sierra Leone 
700 1 |a Hayes, Brittany E.  |e VerfasserIn  |0 (DE-588)1313960357  |0 (DE-627)1876318007  |4 aut 
773 0 8 |i Enthalten in  |t Journal of family violence  |d Getzville, NY : HeinOnline, 1986  |g 40(2025), 1, Seite 109-123  |h Online-Ressource  |w (DE-627)320574547  |w (DE-600)2016884-6  |w (DE-576)121465950  |x 1573-2851  |7 nnas 
773 1 8 |g volume:40  |g year:2025  |g number:1  |g pages:109-123 
856 4 0 |u https://doi.org/10.1007/s10896-023-00593-9  |x Resolving-System  |z lizenzpflichtig  |3 Volltext  |7 1 
856 4 0 |u https://link.springer.com/article/10.1007/s10896-023-00593-9  |x Verlag  |z lizenzpflichtig  |3 Volltext  |7 1 
951 |a AR 
ELC |a 1 
LOK |0 000 xxxxxcx a22 zn 4500 
LOK |0 001 4804293485 
LOK |0 003 DE-627 
LOK |0 004 1941074502 
LOK |0 005 20251113082134 
LOK |0 008 251113||||||||||||||||ger||||||| 
LOK |0 040   |a DE-2619  |c DE-627  |d DE-2619 
LOK |0 092   |o n 
LOK |0 852   |a DE-2619 
LOK |0 852 1  |9 00 
LOK |0 935   |a krzo 
LOK |0 939   |a 13-11-25  |b l01 
ORI |a SA-MARC-krimdoka001.raw